Biblioteca ESET

Reestructuración neoliberal y después...: | 1983-2008 25 años de economía argentina (Registro nro. 1132)

Detalles MARC
000 -CABECERA
fixed length control field 01061nam a22002657a 4500
003 - CONTROL NUMBER IDENTIFIER
control field AR-BeUNQ
005 - FECHA Y HORA DE LA ULTIMA TRANSACCION
control field 20241204145147.0
008 - ELEMENTOS DE LONGITUD FIJA-INFORMACION GENERAL
fixed length control field 241204b ||| frtbisu00| e spa d
020 ## - NUMERO INTERNACIONAL NORMALIZADO PARA LIBROS
Número Internacional Normalizado del libro 9789876300490
040 ## - FUENTE DE CATALOGACION
Agencia de catalogación original AR-BeUNQ
Idioma de catalogación ESPAÑOL
Agencia que realiza la transcripción AR-BeUNQ
Convenciones de la descripción aacr
082 ## - NUMERO DE CLASIFICACION DECIMAL DEWEYMBER
Número de la edición 21
Número de clasificación 330 FOR
100 ## - ASIENTO PRINCIPAL-NOMBRE PERSONAL
Nombre personal Forcinito, Karina
Títulos u otras palabras asociadas al nombre coaut.
Fecha asociada al nombre 1968
245 ## - MENCION DE TITULO
Título Reestructuración neoliberal y después...:
Otra información sobre el título 1983-2008 25 años de economía argentina
Mención de responsabilidad, etc Karina Forcinito Gaspar Tolón Estarelles.
Medio físico libro
250 ## - MENCION DE EDICION
Mención de edición 1a.ed
260 ## - PUBLICACION, DISTRIBUCION, ETC.
Lugar de publicación, distribución, etc. Los Polvorines :
Nombre del editor, distribuidor, etc. Universidad de General Sarmiento,
Fecha de publicación, distribución, etc 2009
300 ## - DESCRIPCION FISICA
Extensión 112 p. ;
Dimensiones 20cm
490 ## - MENCION DE SERIE
Mención de serie Colección "25 años, 25 libros";
Designación numérica/secuencial del volumen 24
500 ## - NOTA GENERAL
Nota general La descripción y el análisis de las particularidades que asumió nuestra economía durante los últimos 25 años. Economía Argentina
600 ## - ASIENTO SECUNDARIO DE MATERIA - NOMBRE PERSONAL
Nombre personal Economia
Fechas asociadas con el nombre 1983-2008
650 ## - ASIENTO SECUNDARIO DE MATERIA - TERMINO TEMATICO
Fuente del encabezamiento o términ spines
Término temático o nombre geográfico como elemento de entrada Economía Argentina
651 ## - ASIENTO SECUNDARIO DE MATERIA - NOMBRE GEOGRAFICO
Fuente del encabezamiento o término unescot
Nombre geográfico Argentina
700 ## - ASIENTO SECUNDARIO - NOMBRE DE PERSONA
Personal name Tolón Estarelles, Gaspar
Dates associated with a name coaut.
929 ## - DATOS DE ADQUISICION
Procedencia DONACION
Proveedor Biblioteca Nacional
Orden de compra 0
Precio 0
Fecha de recibido 2022
Patrimonio UNQ PAT0082273
Número de inventario 60548
942 ## - ELEMENTOS DE PUNTO DE ACCESO ADICIONAL (KOHA)
Tipo de ítem Koha Libros
Existencias
Estado de retiro Estado de pérdida Ubicación permanente Ubicación actual Ubicación en estantería Fecha de ingreso Numeración serial Total Checkouts Signatura topográfica completa Inventario Date last seen Tipo de ítem Koha Operador
    Biblioteca ESET - UNQ Biblioteca ESET - UNQ CIRCULACION 01/09/2022 24   330.82 FOR 60548 04/12/2024 Libros Gladys Alarcon

ESET UNQ

☏ 4365-7188
 Avenida República de Francia 1714 entre Doctor Kenny y Concordia, Ezpeleta, Bs As.
✉ secretaria_eset@unq.edu.ar

Con tecnología Koha